01037nam a2200265 450000100060000000300080000600500170001400800410003102000150007203500190008704000320010604100080013808200230014624501030016926000550027230000240032735000100035150001180036150400510047965100330053065100470056370000270061070000530063771000810069033802BD-RjUL20211209052048.0140511s1970 cau b 001 0ceng d a0520016998 a(BD-RjUL)33893 aDLCcDLCdDLCdBD-RjULbeng aeng00a952.0099bPER 197000aPersonality in Japanese history /cIntroduced and edited by Albert M. Craig and Donald H. Shively. aBerkeley :bUniversity of California Press,c1970. ax, 481 p. ;c24 cm. a$8.75 a"Published under the auspices of the Center for Japanese and Korean Studies, University of California, Berkeley." aIncludes bibliographical references. and Index 0aStatesmenxJapanxBiography. 0aJapanxPolitics and governmenty1600-1868.1 aCraig, Albert M.,eed.1 aShively, Donald H.q(Donald Howard),d1921-eed.2 aUniversity of California, Berkeley.bCenter for Japanese and Korean Studies.